[Event "Olympiad Women-38"]
[Site "Dresden"]
[Date "2008.11.20"]
[Round "7"]
[White "Nekrasova, Elena"]
[Black "Elfelo, Khadija"]
[Result "1-0"]
[WhiteElo "2091"]
[BlackElo "1875"]
[PlyCount "65"]
[EventDate "2008.11.13"]
[EventType "team-swiss"]
[EventRounds "11"]
[EventCountry "GER"]
[SourceTitle "CBM 128"]
[Source "ChessBase"]
[SourceDate "2009.01.28"]
[SourceVersion "1"]
[SourceVersionDate "2009.01.28"]
[SourceQuality "1"]
[WhiteTeam "Lebanon (W)"]
[BlackTeam "Libya (W)"]
[WhiteTeamCountry "LBN"]
[BlackTeamCountry "LBY"]

1. e4 c5 2. Nf3 d6 3. d4 cxd4 4. Nxd4 Nf6 5. Nc3 g6 6. Be2 Bg7 7. 0-0 0-0 8. Bg5 Nc6 9. Nb3 Be6 10. Kh1 Re8 11. f4 Qb6 12. Bf3 Kh8 13. Re1 Qf2 14. Nd5 Rac8 15. Rf1 Qxf1+ 16. Qxf1 Ng8 17. c3 f6 18. Bh4 f5 19. Re1 a6 20. Nd2 Bf6 21. Nxf6 Nxf6 22. exf5 Bxf5 23. Bxc6 Rxc6 24. Bxf6+ Kg8 25. Qf2 Rc7 26. Qh4 e6 27. Nf3 b5 28. Nd4 Rf7 29. Nxf5 gxf5 30. Qg5+ Kf8 31. Qh6+ Kg8 32. Re3 a5 33. Rg3+ 1-0

[Event "Olympiad Women-38"]
[Site "Dresden"]
[Date "2008.11.17"]
[Round "5"]
[White "Elfelo, Khadija"]
[Black "Gonzalez, Yaribeth"]
[Result "0-1"]
[WhiteElo "1875"]
[BlackElo "1912"]
[PlyCount "44"]
[EventDate "2008.11.13"]
[EventType "team-swiss"]
[EventRounds "11"]
[EventCountry "GER"]
[SourceTitle "CBM 128"]
[Source "ChessBase"]
[SourceDate "2009.01.28"]
[SourceVersion "1"]
[SourceVersionDate "2009.01.28"]
[SourceQuality "1"]
[WhiteTeam "Libya (W)"]
[BlackTeam "Panama (W)"]
[WhiteTeamCountry "LBY"]
[BlackTeamCountry "PAN"]

1. e4 e5 2. Nf3 Nc6 3. Bc4 Bc5 4. d3 Nf6 5. Nc3 h6 6. Bd2 d6 7. 0-0 Bg4 8. h3 Bh5 9. Re1 Nd4 10. g4 Nxf3+ 11. Qxf3 Bg6 12. h4 Qd7 13. g5 hxg5 14. Bxg5 Qg4+ 15. Qxg4 Nxg4 16. Rf1 f6 17. Bd2 Rxh4 18. Nd5 Kd7 19. Ne3 Rah8 20. Kg2 Bxe3 21. Bxe3 Nh2 22. Rh1 Rg4# 0-1

[Event "Olympiad Women-38"]
[Site "Dresden"]
[Date "2008.11.16"]
[Round "4"]
[White "Nakagawa, Emiko"]
[Black "Elfelo, Khadija"]
[Result "1/2-1/2"]
[WhiteElo "1860"]
[BlackElo "1875"]
[PlyCount "103"]
[EventDate "2008.11.13"]
[EventType "team-swiss"]
[EventRounds "11"]
[EventCountry "GER"]
[SourceTitle "CBM 128"]
[Source "ChessBase"]
[SourceDate "2009.01.28"]
[SourceVersion "1"]
[SourceVersionDate "2009.01.28"]
[SourceQuality "1"]
[WhiteTeam "Japan (W)"]
[BlackTeam "Libya (W)"]
[WhiteTeamCountry "JPN"]
[BlackTeamCountry "LBY"]

1. d4 d5 2. c4 dxc4 3. e3 Nf6 4. Bxc4 Nc6 5. Nc3 Bf5 6. Nf3 e6 7. 0-0 Bd6 8. b3 0-0 9. Bb2 Re8 10. Rc1 Qd7 11. Nb5 a6 12. Nxd6 Qxd6 13. Bd3 Bxd3 14. Qxd3 Nb4 15. Qb1 Rac8 16. h3 c5 17. Rfd1 cxd4 18. Nxd4 Qb6 19. Nf3 Qa5 20. a3 Nbd5 21. Rd4 Qb5 22. Nd2 Rxc1+ 23. Qxc1 Qc6 24. Rc4 Qd7 25. Nf3 Nb6 26. Rc7 Qd5 27. Ne5 Rf8 28. b4 Nfd7 29. Nxd7 Nxd7 30. Qc3 f6 31. Qd4 Qxd4 32. Bxd4 Nb8 33. Rxb7 e5 34. Bc5 Rd8 35. Kf1 h5 36. Ke2 Kh7 37. Be7 Re8 38. Bxf6 Kg6 39. Bxe5 Rxe5 40. Rxb8 Kf5 41. Rc8 a5 42. Rc5 Rxc5 43. bxc5 Ke5 44. Kd3 Kd5 45. c6 Kxc6 46. Kc4 Kb6 47. f4 g6 48. e4 Kc6 49. a4 Kd6 50. Kb5 Ke6 51. g3 Kf6 52. Kxa5 1/2-1/2

[Event "Mediterranean-ch 2nd"]
[Site "Antalya"]
[Date "2004.12.18"]
[Round "9"]
[White "Pambalou, Fotini"]
[Black "Elfelo, Khadija"]
[Result "1-0"]
[WhiteElo "2088"]
[BlackElo "1901"]
[PlyCount "73"]
[EventDate "2004.12.11"]
[EventType "swiss"]
[EventRounds "9"]
[EventCountry "TUR"]
[SourceTitle "CBM 103 Extra"]
[Source "ChessBase"]
[SourceDate "2005.01.01"]
[SourceVersion "1"]
[SourceVersionDate "2005.01.01"]
[SourceQuality "1"]

1. e4 c5 2. b3 e6 3. Bb2 d6 4. Nc3 a6 5. f4 Nc6 6. Nf3 Qc7 7. Bd3 Nf6 8. 0-0 Be7 9. Re1 0-0 10. a3 b5 11. e5 dxe5 12. Nxe5 Nxe5 13. fxe5 Nd7 14. Re3 g6 15. Ne2 c4 16. Be4 Rb8 17. b4 a5 18. Bc3 axb4 19. axb4 Bb7 20. Nf4 Bxe4 21. Rxe4 Ra8 22. Rb1 Ra2 23. Bd4 Qb7 24. Re1 Bg5 25. Nh3 Bh6 26. Nf2 Qd5 27. Bc3 Bg7 28. Ng4 Qb7 29. Rb2 Rfa8 30. d4 Nb6 31. Qb1 Rxb2 32. Bxb2 Nd5 33. Qc1 Nxb4 34. Nf6+ Kh8 35. Re3 Bh6 36. Rh3 c3 37. Qxh6 1-0

[Event "Mediterranean-ch 2nd"]
[Site "Antalya"]
[Date "2004.12.17"]
[Round "8"]
[White "Elfelo, Khadija"]
[Black "Yagiz, Yasin Emrah"]
[Result "1/2-1/2"]
[WhiteElo "1901"]
[BlackElo "2177"]
[PlyCount "110"]
[EventDate "2004.12.11"]
[EventType "swiss"]
[EventRounds "9"]
[EventCountry "TUR"]
[SourceTitle "CBM 103 Extra"]
[Source "ChessBase"]
[SourceDate "2005.01.01"]
[SourceVersion "1"]
[SourceVersionDate "2005.01.01"]
[SourceQuality "1"]

1. e4 c5 2. Nf3 a6 3. c3 d6 4. d4 Nf6 5. Bd3 g6 6. 0-0 Bg7 7. Bg5 0-0 8. Nbd2 cxd4 9. cxd4 Nc6 10. Nb3 Bg4 11. h3 Bxf3 12. Qxf3 h6 13. Bh4 Nd7 14. Qe3 g5 15. Bg3 Qb6 16. h4 Nxd4 17. hxg5 Nxb3 18. Qxb6 Nxb6 19. gxh6 Nxa1 20. hxg7 Rac8 21. Rxa1 Na4 22. e5 d5 23. b3 Nc5 24. Rd1 Nxd3 25. Rxd3 Kxg7 26. Bh4 Rc1+ 27. Kh2 Rh8 28. Kg3 f6 29. exf6+ exf6 30. Rxd5 Rh1 31. Rd4 Kf7 32. Rf4 Rh6 33. a4 b5 34. axb5 axb5 35. b4 Ke6 36. Re4+ Kd5 37. Rf4 Ke5 38. f3 Rg6+ 39. Rg4 Rxg4+ 40. Kxg4 f5+ 41. Kg5 Rb1 42. f4+ Ke4 43. g4 Rxb4 44. gxf5 Kd5 45. Be1 Rb1 46. Bc3 Rg1+ 47. Kf6 Ke4 48. Be5 Kd5 49. Ke7 Rg2 50. f6 Ra2 51. f7 Ra7+ 52. Kf6 b4 53. Kg7 b3 54. Kf8 Ra8+ 55. Ke7 Ke4 1/2-1/2

[Event "Mediterranean-ch 2nd"]
[Site "Antalya"]
[Date "2004.12.16"]
[Round "7"]
[White "Belouadah, Saad"]
[Black "Elfelo, Khadija"]
[Result "1-0"]
[WhiteElo "2319"]
[BlackElo "1901"]
[PlyCount "101"]
[EventDate "2004.12.11"]
[EventType "swiss"]
[EventRounds "9"]
[EventCountry "TUR"]
[SourceTitle "CBM 103 Extra"]
[Source "ChessBase"]
[SourceDate "2005.01.01"]
[SourceVersion "1"]
[SourceVersionDate "2005.01.01"]
[SourceQuality "1"]

1. e4 c5 2. Nf3 d6 3. d4 cxd4 4. Nxd4 Nf6 5. Nc3 a6 6. Bg5 e6 7. Qd2 Nbd7 8. 0-0-0 b5 9. Bd3 Be7 10. Nc6 Qc7 11. Nxe7 Kxe7 12. f4 h6 13. Bh4 Bb7 14. Rhe1 Kf8 15. a3 Rc8 16. Bf1 d5 17. e5 Ne8 18. g4 Nc5 19. Kb1 Rd8 20. Bxd8 Qxd8 21. f5 Qg5 22. Qd4 Ne4 23. Nxe4 dxe4 24. fxe6 fxe6 25. Qd7 Bd5 26. Bg2 Qxe5 27. Rf1+ Nf6 28. Qd8+ Kf7 29. Qxh8 e3 30. Rg1 e2 31. Rde1 Qxh2 32. Bxd5 Nxd5 33. g5 Nf4 34. gxh6 Qxh6 35. Qxh6 gxh6 36. Kc1 Kf6 37. Kd2 h5 38. Rxe2 Nxe2 39. Kxe2 Kf5 40. Kf3 e5 41. b3 e4+ 42. Ke3 h4 43. c4 bxc4 44. bxc4 h3 45. Rg3 h2 46. Rh3 Ke5 47. Rxh2 a5 48. Rh5+ Kd6 49. Rxa5 Kc6 50. Kxe4 Kb6 51. Rh5 1-0

[Event "Mediterranean-ch 2nd"]
[Site "Antalya"]
[Date "2004.12.15"]
[Round "5"]
[White "Elfelo, Khadija"]
[Black "Gjergji, Rozana"]
[Result "0-1"]
[WhiteElo "1901"]
[BlackElo "2047"]
[PlyCount "44"]
[EventDate "2004.12.11"]
[EventType "swiss"]
[EventRounds "9"]
[EventCountry "TUR"]
[SourceTitle "CBM 103 Extra"]
[Source "ChessBase"]
[SourceDate "2005.01.01"]
[SourceVersion "1"]
[SourceVersionDate "2005.01.01"]
[SourceQuality "1"]

1. e4 e5 2. Nf3 Nc6 3. Bb5 a6 4. Ba4 d6 5. c3 f5 6. d4 fxe4 7. Ng5 Be7 8. Nxe4 exd4 9. cxd4 d5 10. Nc5 Nf6 11. Nc3 0-0 12. 0-0 Qd6 13. h3 Nxd4 14. Nxa6 Ne6 15. Nxc7 Nxc7 16. Bb3 Kh8 17. Bg5 Be6 18. Qd4 Ng4 19. f4 Bxg5 20. hxg4 Bxf4 21. Rad1 Bxg4 22. Rde1 Qh6 0-1

[Event "Olympiad Women-36"]
[Site "Mallorca"]
[Date "2004.10.16"]
[Round "2.1"]
[White "Valickova, Martina"]
[Black "Elfelo, Khadija"]
[Result "1-0"]
[WhiteElo "2076"]
[BlackElo "1884"]
[PlyCount "49"]
[EventDate "2004.10.15"]
[EventType "team-swiss"]
[EventRounds "14"]
[EventCountry "ESP"]
[SourceTitle "CBM 102 Extra"]
[Source "ChessBase"]
[SourceDate "2004.11.03"]
[SourceVersion "1"]
[SourceVersionDate "2004.11.03"]
[SourceQuality "1"]
[WhiteTeam "IPCA (W)"]
[BlackTeam "Libya (W)"]
[BlackTeamCountry "LBY"]

1. e4 c5 2. Nf3 d6 3. Bc4 Nf6 4. e5 dxe5 5. Nxe5 e6 6. Qe2 Be7 7. b3 0-0 8. Bb2 Qd6 9. 0-0 Nc6 10. Nxc6 Qxc6 11. Nc3 a6 12. a4 b6 13. f4 Bb7 14. Rf3 Qc7 15. Rg3 Qxf4 16. Nd5 Bxd5 17. Bxd5 Rad8 18. Rf3 Qh6 19. Rh3 Qg5 20. Rg3 Qxd5 21. Bxf6 Qxd2 22. Rxg7+ Kh8 23. Rxh7+ Kxh7 24. Qh5+ Kg8 25. Qg4+ 1-0

[Event "Olympiad Women-36"]
[Site "Mallorca"]
[Date "2004.10.15"]
[Round "1.1"]
[White "Hund, Barbara"]
[Black "Elfelo, Khadija"]
[Result "1-0"]
[WhiteElo "2240"]
[BlackElo "1884"]
[PlyCount "83"]
[EventDate "2004.10.15"]
[EventType "team-swiss"]
[EventRounds "14"]
[EventCountry "ESP"]
[SourceTitle "CBM 102 Extra"]
[Source "ChessBase"]
[SourceDate "2004.11.03"]
[SourceVersion "1"]
[SourceVersionDate "2004.11.03"]
[SourceQuality "1"]
[WhiteTeam "Switzerland (W)"]
[BlackTeam "Libya (W)"]
[WhiteTeamCountry "SUI"]
[BlackTeamCountry "LBY"]

1. e4 c5 2. Nf3 d6 3. d4 cxd4 4. Nxd4 Nf6 5. Nc3 a6 6. f4 e6 7. Bd3 Be7 8. 0-0 Qb6 9. Kh1 0-0 10. Nf3 Nc6 11. Qe2 Bd7 12. e5 dxe5 13. fxe5 Nd4 14. Ne4 Nd5 15. Nxd4 Qxd4 16. Ng5 Qh4 17. Nxh7 Rfd8 18. c4 Nb4 19. Rf4 Qxf4 20. Bxf4 Nxd3 21. Qxd3 Ba4 22. Qh3 Rd4 23. Bg5 Rad8 24. Rg1 Bxg5 25. Nxg5 Bc2 26. Qf3 Bf5 27. Qxb7 Bg6 28. Qxa6 Rg4 29. Qb6 Re8 30. Qc6 Kf8 31. Qd6+ Kg8 32. Nf3 Rxc4 33. b4 Rc2 34. a4 Be4 35. Ng5 Bd5 36. Qd7 Rf8 37. b5 Rfc8 38. Qxf7+ Kh8 39. Qh5+ Kg8 40. Qh7+ Kf8 41. Rf1+ Ke8 42. Qg8+ 1-0